000 00540nam a2200229Ia 4500
003 OSt
005 20221005120009.0
006 a|||||r|||| 00| 0
007 ta
008 221004b |||||||| |||| 00| 0 eng d
024 _a58876
037 _cTextual
040 _aCRL
_cCRL
_beng
041 _2eng
_aeng
082 _aV2:25xM69x, K7
100 _aGandhi M K
245 0 _aCow protection
260 _c1967
650 _aHISTORY
942 _hV2:25xM69x, K7
_cTEXL
_2cc
999 _c1036513
_d1036513